Normal view
MARC view
- الموسوي، لمياء علي ابراهيم، م.مشارك اكرم محسن الياسري
Entry Personal Name
001 - CONTROL NUMBER
- control field: 57975
003 - CONTROL NUMBER IDENTIFIER
- control field: JO-AjAnu
005 - DATE AND TIME OF LATEST TRANSACTION
- control field: 20230606083506.0
008 - FIXED-LENGTH DATA ELEMENTS
- fixed length control field: 230606|| aca||aabn | a|a d
040 ## - CATALOGING SOURCE
- Original cataloging agency: JO-AjAnu
- Transcribing agency: JO-AjAnu
100 ## - HEADING--PERSONAL NAME
- Personal name: الموسوي، لمياء علي ابراهيم، م.مشارك اكرم محسن الياسري
670 ## - SOURCE DATA FOUND
- Source citation: Work cat.: (JO-AjAnu)29579: الموسوي، لمياء علي ابراهيم، م.مشارك اكرم محسن الياسري, author, مفاهيم معاصرة في الادارة الاستراتيجية وتظرية المنظمة: (ادارة الجودة الشاملة، المقارنة المرجعية، خدمة الزيون)، ج5